Between Worlds Understanding Ritual Cave Use in Later Prehistory /

The recent resurgence of academic interest in caves has demonstrated the central roles they played as arenas for ritual, ceremony and performance, and their importance within later prehistoric cosmologies. Caves represent very particular types of archaeological site and require novel approaches to t...

Full description

Bibliographic Details
Corporate Author: SpringerLink (Online service)
Other Authors: Büster, Lindsey (Editor, http://id.loc.gov/vocabulary/relators/edt), Warmenbol, Eugène (Editor, http://id.loc.gov/vocabulary/relators/edt), Mlekuž, Dimitrij (Editor, http://id.loc.gov/vocabulary/relators/edt)
Format: Electronic eBook
Language:English
Published: Cham : Springer International Publishing : Imprint: Springer, 2019.
Edition:1st ed. 2019.
Subjects:
Online Access:Full Text via HEAL-Link
LEADER 04098nam a2200445 4500
001 978-3-319-99022-4
003 DE-He213
005 20190618021106.0
007 cr nn 008mamaa
008 181218s2019 gw | s |||| 0|eng d
020 |a 9783319990224  |9 978-3-319-99022-4 
024 7 |a 10.1007/978-3-319-99022-4  |2 doi 
040 |d GrThAP 
050 4 |a CC1-960 
072 7 |a HD  |2 bicssc 
072 7 |a SOC003000  |2 bisacsh 
072 7 |a NK  |2 thema 
082 0 4 |a 930.1  |2 23 
245 1 0 |a Between Worlds  |h [electronic resource] :  |b Understanding Ritual Cave Use in Later Prehistory /  |c edited by Lindsey Büster, Eugène Warmenbol, Dimitrij Mlekuž. 
250 |a 1st ed. 2019. 
264 1 |a Cham :  |b Springer International Publishing :  |b Imprint: Springer,  |c 2019. 
300 |a XI, 270 p. 102 illus., 85 illus. in color.  |b online resource. 
336 |a text  |b txt  |2 rdacontent 
337 |a computer  |b c  |2 rdamedia 
338 |a online resource  |b cr  |2 rdacarrier 
347 |a text file  |b PDF  |2 rda 
505 0 |a Between Worlds: Bridging the Divide between Method and Theory in Understanding the Ritual Use of Caves in Prehistory -- Part I: Theoretical Frameworks for Caves as Dynamic Spaces -- Caves as Vibrant Places: A Theoretical Manifesto -- Do Caves Have Agency? -- Animate Caves and Folded Landscapes -- Familiar Caves and Unfamiliar Landscapes: Approaching Cave-Use During the 1st Millennia in Britain -- How to Detect Ritual in Middle Bronze Age Central Italy? A Contextual Approach at Pastena Cave -- Pan Rituals of Ancient Greece Revisited -- The Watery Way to the World of the Dead: Underwater Excavations (Old and New) at the Cave of Han-sur-Lesse, Belgium -- Part II: Innovative Digital Capture Techniques in Cave Archaeology -- The Bronze Age Decorated Cave of Les Fraux: Ritual Uses of an Atypical French Heritage Site -- From Macro to Micro: Multi-scalar Digital Approaches at the Sculptor's Cave, NE Scotland -- How a Community Digital Heritage Project has Helped to Imagine the Circumstances of Pictish symbols in the Wemyss Caves, Scotland -- Reverberant Spaces Preferentially Selected by Prehistoric Artists: Ritualistic Use of Sound Underscored by Choice of Subject Matter. 
520 |a The recent resurgence of academic interest in caves has demonstrated the central roles they played as arenas for ritual, ceremony and performance, and their importance within later prehistoric cosmologies. Caves represent very particular types of archaeological site and require novel approaches to their recording, interpretation and presentation. This is especially true in understanding the ritual use of caves, when the less tangible aspects of these environments would have been fundamental to the practices taking place within them. Between Worlds explores new theoretical frameworks that examine the agency of these enduring 'natural' places and the complex interplay between environment, taphonomy and human activity. It also showcases the application of innovative technologies, such as 3D laser-scanning and acoustic modelling, which provide new and exciting ways of capturing the experiential qualities of these enigmatic sites. Together, these developments offer more nuanced understandings of the role of caves in prehistoric ritual, and allow for more effective communication, management and presentation of cave archaeology to a wide range of audiences. 
650 0 |a Archaeology. 
650 1 4 |a Archaeology.  |0 http://scigraph.springernature.com/things/product-market-codes/X13000 
700 1 |a Büster, Lindsey.  |e editor.  |4 edt  |4 http://id.loc.gov/vocabulary/relators/edt 
700 1 |a Warmenbol, Eugène.  |e editor.  |4 edt  |4 http://id.loc.gov/vocabulary/relators/edt 
700 1 |a Mlekuž, Dimitrij.  |e editor.  |4 edt  |4 http://id.loc.gov/vocabulary/relators/edt 
710 2 |a SpringerLink (Online service) 
773 0 |t Springer eBooks 
776 0 8 |i Printed edition:  |z 9783319990217 
776 0 8 |i Printed edition:  |z 9783319990231 
856 4 0 |u https://doi.org/10.1007/978-3-319-99022-4  |z Full Text via HEAL-Link 
912 |a ZDB-2-SLS 
950 |a Social Sciences (Springer-41176)